000 00660nam a22002177a 4500
003 UA-OsUOA
001 121042
007 ta
008 20170306b un ||||| |||| 00| 0 ukr d
100 _aТерещенко Ю.
090 _a94(477)
_bТ35
942 _cSA
040 _aUA-OsUOA
_bfre
_cUA-OsUOA
_dUA-OsUOA
245 _aКонсервативна революція гетьмана Павла Скоропадського
300 _aС.36-40
955 _a0
041 _afre
080 _a94(477)
773 0 _w121041
_tУкраїнський тиждень
_dК.
_d2017
_g8
650 7 _a9 Географія. Біографії. Історія
_2UDC
999 _c407468
_d407468